00583nam a22001817a 4500003000400000005001700004008004100021020001500062040000700077100002300084245007600107260004400183300002000227505008200247650002700329650002400356650002100380OSt20180904082909.0180306b xxu||||| |||| 00| 0 spa d a9502000560 cPJ aLazzaroni, Luis J.13aEl conocimiento de los hechos en el proceso civil /cLuis J. Lazzaroni. aBuenos Aires :bAbeledo-Perrot, c1982. a221 p. c23 cm. aContenido: Las fuentes de conocimiento de los hechos -- Los hechos y el juez. 0aDERECHO PROCESAL CIVIL 0aPROCEDIMIENTO CIVIL 0aMEDIOS DE PRUEBA